Vista normal
Vista MARC
Entrada Materia (personas)
Número de registros utilizados en: 1
001 - CONTROL NUMBER
- control field: 70518
003 - CONTROL NUMBER IDENTIFIER
- control field: Co-BoUCM
005 - DATE AND TIME OF LATEST TRANSACTION
- control field: 20150803113826.0
008 - FIXED-LENGTH DATA ELEMENTS
- fixed length control field: 150803|| aca||aabn | a|a d
040 ## - CATALOGING SOURCE
- Original cataloging agency: Co-BoUCM
- Transcribing agency: Co-BoUCM
100 ## - HEADING--PERSONAL NAME
- Personal name: Hamilton, Buffy J.
670 ## - SOURCE DATA FOUND
- Source citation: Work cat.: (Co-BoUCM)300264: Hamilton, Buffy J., Embedded Librarianship, Febrero-Marzo 2012